Normal view MARC view
  • Pawar, K. R. / Desai, A. E

Entry Personal Name

Number of records used in: 1

001 - CONTROL NUMBER

  • control field: 69195

003 - CONTROL NUMBER IDENTIFIER

  • control field: OSt

005 - DATE AND TIME OF LATEST TRANSACTION

  • control field: 20220806111547.0

008 - FIXED-LENGTH DATA ELEMENTS

  • fixed length control field: 220806|| aca||aabn | a|a d

040 ## - CATALOGING SOURCE

  • Original cataloging agency: OSt
  • Transcribing agency: OSt

100 ## - HEADING--PERSONAL NAME

  • Personal name: Pawar, K. R. / Desai, A. E

670 ## - SOURCE DATA FOUND

  • Source citation: Work cat.: (OSt)38829: Pawar, K. R. / Desai, A. E., Animal Systematics And Diversity-iv And Applied Zoology-ii, 2014